How tou can get rich swing trading

Bibliographic Details
Main Author: Azizi Ali
Other Authors: Wermine, Bill
Format: Book
Language:English
Published: Selangor : Truewealth Publishing : 2007
Subjects:

MARC

LEADER 00000cam a2200000 7i4500
001 0000021688
005 20090618.0
008 090617s my a eng
020 |a 9789833364312 ,   |c RM39.90 
040 |a INS 
090 0 0 |a HG4521   |b A95 2007 
100 0 |a Azizi Ali 
245 1 0 |a How tou can get rich swing trading   |c Azizi Ali & Bill Wermine 
260 |a Selangor :   |b Truewealth Publishing :   |b 2007 
300 |a 123p. :   |b ill. ;   |c 21cm. 
650 0 |a Finance, Personal 
650 0 |a Investment analysis 
650 0 |a Investments 
700 1 |a Wermine, Bill 
999 |a 0000021075   |b BOOK   |c Open Shelf   |e Default branch